Market report on the Republic of Korea.
| Format: | Book |
|---|---|
| Published: |
Hong Kong:
Hong Kong Trade Development Council,
1994.
|
| Subjects: |
| LEADER | 00443cam a2200157 7i4500 | ||
|---|---|---|---|
| 001 | 0000003002 | ||
| 005 | 19991025090000.0 | ||
| 002 | ##000004319 | ||
| 020 | 0 | 0 | |a T000004026 |
| 090 | 0 | 0 | |a KORS 380.1 |b MAR |
| 245 | 0 | 0 | |a Market report on the Republic of Korea. |
| 260 | 0 | 0 | |a Hong Kong: |b Hong Kong Trade Development Council, |c 1994. |
| 300 | 0 | 0 | |a 29p. |
| 650 | 0 | 0 | |a Market surveys |
| 651 | 0 | 0 | |a Korea |
| 999 | |a 0000004898 |b Book |c Open shelf |e Business Information Centre | ||